Detenidos en prisión preventiva (Registro nro. 1144)

Detalles MARC
000 -LEADER
fixed length control field 01405 a2200217 4500
001 - CONTROL NUMBER
control field 23933
005 - DATE AND TIME OF LATEST TRANSACTION
control field 20260407155525.0
008 - FIXED-LENGTH DATA ELEMENTS--GENERAL INFORMATION
fixed length control field 260407a2013 arg spa d
003 - CONTROL NUMBER IDENTIFIER
control field AR-UNSa-BCEJYS
040 ## - CATALOGING SOURCE
Original cataloging agency AR-UNSa-BCEJYS
Language of cataloging spa
Transcribing agency AR-UNSa-BCEJYS
080 ## - UNIVERSAL DECIMAL CLASSIFICATION NUMBER
Universal Decimal Classification number 343.12
Common auxiliary subdivision Partes. Denuncias. Querellas. Reclamaciones. Defensa
020 ## - INTERNATIONAL STANDARD BOOK NUMBER
International Standard Book Number 978-987-03-2509-3
100 1# - MAIN ENTRY--PERSONAL NAME
Personal name Freiler, Eduardo Rodolfo
245 10 - TITLE STATEMENT
Title Detenidos en prisión preventiva
Name of part/section of a work jornadas de temática carcelaria
264 #1 - PRODUCTION, PUBLICATION, DISTRIBUTION, MANUFACTURE, AND COPYRIGHT NOTICE
Place of production, publication, distribution, manufacture Buenos Aires :
Name of producer, publisher, distributor, manufacturer Universidad de Buenos Aires. Facultad de Derecho. Departamento de Publicaciones
Date of production, publication, distribution, manufacture, or copyright notice 2013
300 ## - PHYSICAL DESCRIPTION
Extent 301 p.
Dimensions 24 cm.
505 ## - FORMATTED CONTENTS NOTE
Formatted contents note 1. Cómo surgieron estas jornadas - 2. Palabras inaugurales apertura de las jornadas - 3. Conferencia acerca de los derechos de las personas privadas de la libertad - 4. Cuestiones vinculadas al cumplimiento de la prisión preventiva: marco normativo, la realidad carcelaria - 5. Discriminación: cuestiones de género. La problemática de los extranjeros - 6. Madres con hijos. Niñez y prisión. La situación de los familiares - 7. Educación en contexto de encierro - 8. Salud en contexto de encierro - 9. Trabajo en contexto de encierro
590 ## - LOCAL NOTE (RLIN)
Local note niveau_biblio:m niveau_hierar:0
856 41 - ELECTRONIC LOCATION AND ACCESS
Uniform Resource Identifier <a href="https://biblioeco.unsa.edu.ar/pmb/images/libros/Detenidos en Prisi?n preventiva. Jornada de tem?tica Carcelaria.jpg">https://biblioeco.unsa.edu.ar/pmb/images/libros/Detenidos en Prisi?n preventiva. Jornada de tem?tica Carcelaria.jpg</a>
Link text Imagen de portada
Electronic format type image/jpeg
942 ## - ADDED ENTRY ELEMENTS (KOHA)
Koha item type
Existencias
Withdrawn status Lost status Damaged status Not for loan Home library Current library Shelving location Date acquired Total checkouts Full call number Barcode Date last seen Price effective from Koha item type
        Biblioteca Prof. Eusebio Cleto del Rey Biblioteca Prof. Eusebio Cleto del Rey   07/04/2026   343.12 F864 L119586 07/04/2026 07/04/2026 Libro